|
|
|
|
| LEADER |
02583nam a2200637 i 4500 |
| 001 |
nkc20223456523 |
| 003 |
CZ PrNK |
| 005 |
20231114154613.0 |
| 007 |
ta |
| 008 |
220922t20222022xr ach f c 000 0 cze |
| 015 |
|
|
|a cnb003456523
|
| 020 |
|
|
|a 978-80-87890-37-0
|q (brožováno)
|
| 035 |
|
|
|a (OCoLC)1350559844
|
| 040 |
|
|
|a BOA001
|b cze
|e rda
|
| 043 |
|
|
|a e-xr---
|
| 072 |
|
7 |
|a 394
|x Veřejný a společenský život. Každodenní život
|2 Konspekt
|9 1
|
| 080 |
|
|
|a 929.7
|2 MRF
|
| 080 |
|
|
|a 728.8:929.7
|2 MRF
|
| 080 |
|
|
|a 394.2/.7
|2 MRF
|
| 080 |
|
|
|a 79
|2 MRF
|
| 080 |
|
|
|a (437.3)
|2 MRF
|
| 080 |
|
|
|a (048.8:082)
|2 MRF
|
| 080 |
|
|
|a (083.824)
|2 MRF
|
| 245 |
0 |
0 |
|a Šlechtické slavnosti a zábavy /
|c Duňa Panenková (ed.)
|
| 250 |
|
|
|a Vydání první
|
| 264 |
|
1 |
|a České Budějovice :
|b Národní památkový ústav,
|c [2022]
|
| 264 |
|
4 |
|c ©2022
|
| 300 |
|
|
|a 231 stran :
|b ilustrace (převážně barevné), portréty, faksimile ;
|c 24 cm
|
| 336 |
|
|
|a text
|b txt
|2 rdacontent
|
| 336 |
|
|
|a statický obraz
|b sti
|2 rdacontent
|
| 337 |
|
|
|a bez média
|b n
|2 rdamedia
|
| 338 |
|
|
|a svazek
|b nc
|2 rdacarrier
|
| 500 |
|
|
|a Vydal Národní památkový ústav, územní památková správa v Českých Budějovicích ke stejnojmenné výstavě konané na Státním hradu a zámku v Českém Krumlově od července do října 2022
|
| 500 |
|
|
|a 500 výtisků
|
| 504 |
|
|
|a Obsahuje bibliografie a bibliografické odkazy
|
| 650 |
0 |
7 |
|a šlechtici
|7 ph127824
|z Česko
|2 czenas
|
| 650 |
0 |
7 |
|a šlechtická sídla
|7 ph127825
|z Česko
|2 czenas
|
| 650 |
0 |
7 |
|a slavnosti
|7 ph125624
|z Česko
|2 czenas
|
| 650 |
0 |
7 |
|a zábava
|7 ph138989
|z Česko
|2 czenas
|
| 650 |
0 |
9 |
|a noblemen
|z Czechia
|2 eczenas
|
| 650 |
0 |
9 |
|a residences of nobility
|z Czechia
|2 eczenas
|
| 650 |
0 |
9 |
|a festivals
|z Czechia
|2 eczenas
|
| 650 |
0 |
9 |
|a entertainment
|z Czechia
|2 eczenas
|
| 655 |
|
7 |
|a kolektivní monografie
|7 fd501537
|2 czenas
|
| 655 |
|
7 |
|a katalogy výstav
|7 fd132536
|2 czenas
|
| 655 |
|
9 |
|a collective monographs
|2 eczenas
|
| 655 |
|
9 |
|a exhibition catalogs
|2 eczenas
|
| 700 |
1 |
|
|a Panenková, Duňa,
|d 1952-
|7 jn19990209624
|4 edt
|
| 710 |
2 |
|
|a Český Krumlov (hrad a zámek)
|7 ko2002101769
|4 orm
|
| 910 |
2 |
|
|a BOA001
|b 2-1494.550
|
| 928 |
9 |
|
|a Národní památkový ústav, územní památková správa v Českých Budějovicích
|
| 990 |
|
|
|a BK
|
| 995 |
|
|
|a 01
|
| 991 |
|
|
|b 202210
|c NOV
|
| 996 |
6 |
|
|b 2610915503
|c 2-1494.550
|l MZK
|r Sklad / do 1 hodiny
|n 2
|p p.v.
|w 001900256
|u 000010
|a 1
|e BOA001
|j MZK50
|s P
|
| 996 |
7 |
|
|b 2610919120
|c 2-1494.550
|l MZK
|r Sklad / do 1 hodiny
|n 5
|p kup
|w 001900256
|u 000020
|a 1
|e BOA001
|j MZK50
|s A
|